International facility management / (Record no. 121331)

MARC details
000 -LEADER
fixed length control field 01076pam a2200337 i 4500
001 - CONTROL NUMBER
control field 016515102
003 - CONTROL NUMBER IDENTIFIER
control field Uk
005 - DATE AND TIME OF LATEST TRANSACTION
control field 20230125102247.0
008 - FIXED-LENGTH DATA ELEMENTS--GENERAL INFORMATION
fixed length control field 230123s2014 enka b 001 0 eng|d
015 ## - NATIONAL BIBLIOGRAPHY NUMBER
National bibliography number GBB392127
Source bnb
020 ## - INTERNATIONAL STANDARD BOOK NUMBER
ISBN 9780470674000 (hbk.) :
041 ## - LANGUAGE CODE
Language code of text/sound track or separate title eng
082 04 - DEWEY DECIMAL CLASSIFICATION NUMBER
Classification number 658.2
245 00 - TITLE STATEMENT
Title International facility management /
Statement of responsibility, etc edited by Kathy O. Roper & Lisa J. Borello.
264 #1 - PRODUCTION, PUBLICATION, DISTRIBUTION, MANUFACTURE, AND COPYRIGHT NOTICE
Place of production, publication, distribution, manufacture Chichester :
Name of producer, publisher, distributor, manufacturer Wiley-Blackwell,
Date of production, publication, distribution, manufacture, or copyright notice 2014.
300 ## - PHYSICAL DESCRIPTION
Physical description xii, 183 pages :
Other physical details illustrations ;
Dimensions 25 cm.
490 0# - SERIES TITLE
Series statement Innovation in the built environment
490 0# - SERIES TITLE
Series statement RICS Research
500 ## - GENERAL NOTE
General note Formerly CIP.
504 ## - BIBLIOGRAPHY, ETC. NOTE
Bibliography, etc Includes bibliographical references and index.
650 #0 - KEYWORDS
Keywords Facility management.
651 ## - SUBJECT ADDED ENTRY--GEOGRAPHIC NAME
Geographic name United Kingdom
690 7# - BROAD SUBJECT
Broad subject Built Environment
Source of heading or term blcoll
9 (RLIN) 6307
700 1# - ADDED PERSONAL NAME
Added personal author Roper, Kathy O.,
Relator term editor of compilation.
700 1# - ADDED PERSONAL NAME
Added personal author Borello, Lisa J.,
Relator term editor of compilation.
942 ## - ADDED ENTRY ELEMENTS (KOHA)
Suppress in OPAC Do not suppress in OPAC
336 ## - CONTENT TYPE
Content type term text
Source rdacontent
337 ## - MEDIA TYPE
Media type term unmediated
Source rdamedia
338 ## - CARRIER TYPE
Carrier type term volume
Source rdacarrier
Holdings
Lost status Damaged status Not for loan Home library Current library Shelving location Date acquired Total Checkouts Full call number Date last seen Price effective from Koha item type
      London London Books 25/01/2023   658.2 25/01/2023 25/01/2023 Book